000 00672nam a2200205 4500
001 145255
003 ES-MaACL
005 20250819081313.0
007 t|
008 070214s1912 sp |||| |bspa d
100 1 _aSorel, Fidel de.
_9144555
245 1 0 _aLerroux y su obra /
_cF. de Sorel.
246 3 _aLerroux y su obra
_b: historia política de Alejandro Lerroux en Barcelona
260 _aBarcelona :
_b[s. n.],
_c1912 (
_fImp. Abadal)
300 _a14 p. ;
_c21 cm.
600 1 4 _aLerroux, Alejandro,
_d1864-1949
_9227246
610 2 4 _aPartido Republicano Federal (España. 1930)
_96150
852 _aES-MaACL
_jT-1317-F-1
999 _c145255
_d145255